000 00273nam a22001217a 4500
008 170824b xxu||||| |||| 00| 0 eng d
041 _aeng
080 _a51
100 _a38
101 _aMAT
245 _aMATHEMATICS FOR QUANTUM MECHANICS
_cJACKSON,J.D
942 _2udc
_cBK
999 _c24819
_d24819